|
|
|
|
| LEADER |
00634naa a2200169 i 4500 |
| 001 |
misc29167 |
| 005 |
20200430141858.0 |
| 008 |
180108s1965 hu o 0|| zxx d |
| 040 |
|
|
|a SZTE Miscellanea Repozitórium
|b hun
|
| 041 |
|
|
|a zxx
|
| 100 |
1 |
|
|a Herepei János
|
| 245 |
1 |
0 |
|a Tolnai Dali János hazatérésének ideje
|h [elektronikus dokumentum] /
|c Herepei János
|
| 260 |
|
|
|c 1965
|
| 300 |
|
|
|a 411-414
|
| 490 |
0 |
|
|a Adattár XVII. századi szellemi mozgalmaink történetéhez
|v 1
|
| 695 |
|
|
|a Művelődéstörténet - magyar - 17. sz., Tolnai Dali János
|
| 856 |
4 |
0 |
|u http://misc.bibl.u-szeged.hu/29167/1/ad_001_411-414.pdf
|z Dokumentum-elérés
|